| 000 | 01384nam a22003857a 4500 | ||
|---|---|---|---|
| 001 | 4260497 | ||
| 003 | OSt | ||
| 005 | 20210421073928.0 | ||
| 008 | 841010s1985 paua b 001 0 eng c | ||
| 010 | _a 84023473 | ||
| 020 | _a0721611419 (pbk.) | ||
| 040 |
_aDNLM/DLC _cDLC _deng _beng |
||
| 041 | _aeng | ||
| 050 | 1 | 0 |
_aRT120.I5 _bC63 1985 |
| 060 | _aWY 18 C7966 | ||
| 080 |
_a618-08 _bA-43 |
||
| 082 | 0 | 0 |
_a610.73/61 _219 |
| 245 | 0 | 0 |
_aCore curriculum for critical care nursing / _c[the American Association of Critical-Care Nurses]. _b/ by: W. B. Saunders Company |
| 250 |
_a3rd edition _beditors, JoAnn Grif Alspach, Susan M. Williams. |
||
| 260 |
_aPhiladelphia : _bW. B. Saunders Company _c1985. |
||
| 300 |
_axxi, 697 p. : _bill. ; _c26 cm. |
||
| 504 | _aIncludes bibliographies and index. | ||
| 650 | 0 | _aIntensive care nursing. | |
| 650 | 0 |
_aPatient Care _9285 |
|
| 650 | 2 |
_aCritical Care _xnurses' instruction. |
|
| 650 | 2 |
_aCurriculum _xnurses' instruction. |
|
| 650 | 2 |
_aEducation, Nursing _zUnited States. |
|
| 653 | _aპაციენტის მოვლა | ||
| 653 | _aექთნების განათლება | ||
| 700 | 1 | _aAlspach, JoAnn. | |
| 700 | 1 |
_aWilliams, Susan M. _q(Susan Moore), _d1942- |
|
| 710 | 2 | _aAmerican Association of Critical-Care Nurses. | |
| 906 |
_a7 _bcbc _corignew _d1 _eocip _f19 _gy-gencatlg |
||
| 942 |
_2udc _cBK _e3 |
||
| 999 |
_c708 _d708 |
||